000 00677nam a2200217Ii 4500
003 JO-AjNU
008 230605s9999||||xx |||||||||||||| ||und||
017 _a1986/8/335
040 _aJO-AjNU
_bara
_erda
_cJO-AjNU
041 _aara
050 1 4 _aLB1167.K4277 1988
100 3 _aالخطيب،رناد يوسف,
_eauthor
_96981
245 0 0 _aرياض الأطفال:واقع ومنهاج
250 _aط2
264 3 1 _aعمان:دار الحنان،1987
300 _a137ص
336 _atext
_btxt
_2rdacontent
337 _aunmediated
_bn
_2rdamedia
338 _avolume
_bnc
_2rdacarrier
650 4 _a رياض الأطفال-أطفال ما قبل المدرسة
_96982
999 _aA48
_c3616
_d3616